000 00952cam a2200193 4500
001 WB4005-14
008 040204n2004 000 0 eng u
035 _a(Sirsi) u125016
245 _aResearch into higher planning fees
260 _c2004
490 _aPlanning (for the Natural and Built Environment)
_v(1554)30 January 2004, 8(1)
520 _aAn ODPM research report reveals that fees received by local planning authorities in England fall short of the cost of processing the applications. The study by Arup Economics and Planning with the Bailey Consultancy, Addison and Associates and Malcolm Grant for the ODPM said that fees should increase from £220 to £660 for every 0.1 hectare. The report can be viewed at http://www.odpm.gov.uk/stellent/groups/odpm_planni ng/documents/page/odpm_plan_026866.pdf
590 _aWB
590 _aWB
650 _aPLANNING FEES
650 _aPLANNING SYSTEM
690 _aPLANNING
942 _n0
999 _c116990
_d116990